| 000 | 00899nas a2200289 4500 | ||
|---|---|---|---|
| 001 | BR2012004992 | ||
| 003 | BR-BrBNA | ||
| 005 | 20231205120826.0 | ||
| 007 | ta | ||
| 008 | 230509b bl.|||p| |||| 00| 00por d | ||
| 040 |
_aBR-BrBNA _bpor _cBiblioteca Nacional de Agricultura |
||
| 041 | _a(Pt) | ||
| 072 | _aP05; Q70 | ||
| 100 | 1 | _aOliveira, A.F. de | |
| 100 | 1 | _aLeão, A.L. | |
| 100 | 1 | _aCaraschi, J.C. | |
| 100 | 1 | _aOliveira, L.C. de | |
| 100 | 1 | _aGonçalves, J.E. | |
| 245 | 1 | _aCaracterísticas físico-químicas, energética e desempenho da fibra de coco na sorção de óleos diesel e biodiesel | |
| 650 | _aÓLEO VEGETAL | ||
| 650 | _aÓLEO MINERAL | ||
| 650 | _aFIBRA VEGETAL | ||
| 650 | _aRESÍDUO | ||
| 773 | 0 |
_tEnergia na Agricultura (Brazil) _xISSN 1808-8759 _g(2011), v. 26(3) p. 1-13 _wBR2012004992 |
|
| 909 |
_a202311 _bLúcia _c55 _dLúcia Elande |
||
| 942 |
_2AGRIS _n0 _cANA |
||
| 999 |
_c220512 _d220512 |
||